Представление документа в формате MARC21

Поле Инд. ПП Название Значение
Тип записи a
Библиографический уровень m
001 Контрольный номер 62ab684cc97a48a2bf9d3d5acaa5df11
005 Дата корректировки 20230314133359.3
020 c Цена, тираж б. ц.
040 b Код языка каталог. rus
041 0_ a Код языка текста rus
080 a Индекс УДК 004.85
084 a Индекс другой классификации/Индекс ББК 65.291.9
090 a Полочн. индекс 65
x Авторский знак Е67
097 b Оператор 02
100 1_ a Автор Епимашко А. Д.
245 10 a Заглавие Алгоритмы анализа и автоматизации обработки финансовой информации с использованием технологий машинного обучения
b Продолж. заглавия дисс. на соиск. степени магистра техн. наук : 1-40 80 06
c Ответственность науч. рук. И. М. Бойко
260 c Дата издания 2021
a Место издания Минск
b Издательство БГУИР
300 a Объем 60 с.
e Сопроводительные материалы автореферат
510 0_ a Примечание о ссылках Диссертации и авторефераты диссертаций
653 0_ a Ключевые слова алгоритмы (мат.); автоматизация процессов; машинное обучение; банки; финансы; деньги
856 40 u URL https://libeldoc.bsuir.by/bitstream/123456789/44993/1/Epimashko_Algoritmi.pdf
901 t Тип документа d